Origins, development and abandonment of an Iron Age village : further archaeological investigations for the Daventry International Rail Freight Terminal, Crick & Kilsby, Northamptonshire 1993-2013 /

This volume is the second of two reports on archaeological excavations undertaken ahead of the eastern expansion of Daventry International Rail Freight Terminal (DIRFT) which lies in the northern watershed region of Northamptonshire at its border with Warwickshire.

محفوظ في:

المؤلفون الرئيسيون: Chapman, Andy, 1951- (مؤلف), Ellis, Peter, 1943- (مؤلف), Hart, Jonathan, 1972- (مؤلف), King, Roy (مؤلف), Mudd, Andrew (مؤلف)

مؤلفون مشاركون: Museum of London Archaeology (associated with work.), Cotswold Archaeology (associated with work.), Foundations Archaeology (associated with work.), RPS (Firm) (associated with work.), ProLogis (Firm) (associated with work.)

مؤلفون آخرون: Masefield, Robert (المحرر)

التنسيق: كتاب الكتروني

اللغة: English

منشور في: Oxford : Archaeopress Publishing Ltd, [2015]

سلاسل: DIRFT ; volume II.

الموضوعات:

الوصول للمادة أونلاين: Login to view Source

الوسوم: إضافة وسم

لا توجد وسوم, كن أول من يضع وسما على هذه التسجيلة!

رقم الطلب: DA690

LEADER 02667nam a2200565 i 4500
001 EDZ0001352718
003 StDuBDS
005 20230412181627.0
006 m|||||o||d||||||||
007 cr |||||||||||
008 151207t20152015enka fob 000|0|eng|d
020 |a 9781784912192 (PDF ebook) :  |c No price 
040 |a StDuBDS  |b eng  |c StDuBDS  |e rda  |e pn 
050 4 |a DA690 
082 0 4 |a 936.2556  |2 23 
245 0 0 |a Origins, development and abandonment of an Iron Age village :  |b further archaeological investigations for the Daventry International Rail Freight Terminal, Crick & Kilsby, Northamptonshire 1993-2013 /  |c Robert Masefield (ed) ; Andy Chapman, Peter Ellis, Jonathan Hart, Roy King, Andrew Mudd. 
264 1 |a Oxford :  |b Archaeopress Publishing Ltd,  |c [2015] 
264 4 |c ©2015 
300 |a 1 online resource :  |b illustrations (black and white, and colour). 
336 |a text  |2 rdacontent 
336 |a still image  |2 rdacontent 
337 |a computer  |2 rdamedia 
338 |a online resource  |2 rdacarrier 
490 1 |a DIRFT ;  |v volume II 
504 |a Includes bibliographical references. 
520 8 |a This volume is the second of two reports on archaeological excavations undertaken ahead of the eastern expansion of Daventry International Rail Freight Terminal (DIRFT) which lies in the northern watershed region of Northamptonshire at its border with Warwickshire. 
521 |a Specialized. 
588 |a Description based on online resource; title from home page (viewed on March 9, 2016). 
650 0 |a Excavations (Archaeology)  |z England  |z Crick. 
651 0 |a Crick (England)  |x Antiquities. 
650 0 |a Excavations (Archaeology)  |z England  |z Kilsby. 
651 0 |a Kilsby (England)  |x Antiquities. 
650 0 |a Iron age  |z England  |z Northamptonshire. 
700 1 |a Masefield, Robert,  |e editor. 
700 1 |a Chapman, Andy,  |d 1951-  |e author. 
700 1 |a Ellis, Peter,  |d 1943-  |e author. 
700 1 |a Hart, Jonathan,  |d 1972-  |e author. 
700 1 |a King, Roy,  |e author. 
700 1 |a Mudd, Andrew,  |e author. 
710 2 |a Museum of London Archaeology,  |e associated with work. 
710 2 |a Cotswold Archaeology,  |e associated with work. 
710 2 |a Foundations Archaeology,  |e associated with work. 
710 2 |a RPS (Firm),  |e associated with work. 
710 2 |a ProLogis (Firm),  |e associated with work. 
776 0 8 |i Print version :  |z 9781784912185 
830 0 |a DIRFT ;  |v volume II. 
856 4 0 |3 Archaeopress  |u http://library.arce.org:8087/Archaeopress/Products/9781784912185 
942 |2 lcc  |c EBOOK 
952 |0 0  |1 0  |4 0  |6 DA0690  |7 1  |9 46101  |a ARCH  |b ARCH  |d 2023-04-12  |l 0  |o DA690  |r 2023-04-12 00:00:00  |w 2023-04-12  |y EBOOK 
999 |c 51759  |d 51759